000 00562nam a2200229Ia 4500
003 OSt
005 20220924144535.0
006 a|||||r|||| 00| 0
007 ta
008 220923b |||||||| |||| 00| 0 urd d
024 _a315420
037 _cTextual
040 _aARTS
_cARTS
_burd
041 _2urd
_aurd
082 _aO168,1NNA2x, P0
100 _aNomani Aazir
_9217823
245 0 _aSanamkudah
260 _c2000
650 _aURDU POETRY
942 _hO168,1NNA2x, P0
_cTEXL
_2CC
999 _c457369
_d457369